Statistiques concernant Culture Générale - Série 640

Cliquez ici pour prendre le quiz!

Statistiques générales

  • Ce quiz a été pris 114 fois
  • Le résultat moyen est 7 sur 10

Statistiques - réponses

QuestionRéponse% Correct
Combien d'anneaux sont représentés sur le drapeau olympique ?5
99%
Quel mot décrit à la fois les zigzags d'une route et un cordon servant à attacher des chaussures ?lacet
98%
A combien de milligrammes équivaut 1 décigramme ?100
96%
En 1966, quel jour de la semaine est chanté par "The Mamas And The Papas" dans leur tube "Monday Monday" ?lundi
96%
Complétez cette phrase d'une chanson de Gilbert Bécaud : "Et maintenant que vais-je...faire
91%
Quel mot utilise-t-on pour désigner l'arrière d'un bateau, par opposition au mot "proue" qui en désigne l'avant ?poupe
71%
À combien de levées correspond le “petit chelem”, au bridge ?douze
68%
Complétez ces paroles d'Indochine : "Moi, j'ai du mal avec les artistes, surtout les français qui habitent en...Suisse
39%
Quel mot désigne la science qui étudie le comportement individuel et social des animaux ?éthologie
16%
Quelle ville, autrefois surnommée “le Versailles prussien”, abrite le parc de Sans-Souci ?Potsdam
9%

Distribution des résultats

Percentile par nombre de réponses

% des personnes avec chaque résultat

Votre développement - résultats

Vous n’avez pas pris ce quiz